Normal view
MARC view
Entry Topical Term
001 - CONTROL NUMBER
- control field: 40753
003 - CONTROL NUMBER IDENTIFIER
- control field: ARRUPE
005 - DATE AND TIME OF LATEST TRANSACTION
- control field: 20180320094352.0
008 - FIXED-LENGTH DATA ELEMENTS
- fixed length control field: 180320|| aca||aabn | a|a d
040 ## - CATALOGING SOURCE
- Original cataloging agency: ARRUPE
- Transcribing agency: ARRUPE
150 ## - HEADING--TOPICAL TERM
- Topical term or geographic name as entry element: Mental tests.
670 ## - SOURCE DATA FOUND
- Source citation: Work cat.: (ARRUPE)0: Eysenck, H. J. (Hans Jurgen), 1916-1997. 40752, Check your own I.Q., 1966.